[Event "Superettan(Orebro-Rodeby)"]
[Site "?"]
[Date "2009.03.15"]
[Round "9"]
[White "Bernhardsson, Sten"]
[Black "Lind, Jan-Olov"]
[Result "1/2-1/2"]
[WhiteElo "2096"]
[BlackElo "2288"]
[PlyCount "21"]

1. d4 Nf6 2. Nf3 g6 3. c4 Bg7 4. Nc3 O-O 5. e4 d6 6. Be2 e5 7. Be3 Ng4 8. Bg5
f6 9. Bh4 Nc6 10. d5 Ne7 11. Nd2 1/2-1/2

[Event "Superettan(Stockholms SS-Schack 08)"]
[Site "?"]
[Date "2009.03.15"]
[Round "9"]
[White "Ingbrandt, Johan"]
[Black "Bergstrom, Rolf"]
[Result "1-0"]
[WhiteElo "2469"]
[BlackElo "2355"]
[PlyCount "61"]

1. d4 c5 2. d5 d6 3. e4 Nf6 4. Nc3 e6 5. Bb5+ Bd7 6. a4 exd5 7. exd5 Be7 8. Nf3
O-O 9. h3 Na6 10. O-O Nc7 11. Be2 b6 12. Nd2 a6 13. Nc4 Rb8 14. Bf4 Bc8 15. Bf3
Re8 16. Re1 h6 17. Qd3 Bf8 18. a5 b5 19. Nb6 Bb7 20. b4 cxb4 21. Na2 Na8 22.
Be3 Nxb6 23. Bxb6 Qd7 24. Nxb4 Rxe1+ 25. Rxe1 Re8 26. Rc1 Rc8 27. Bd4 Rc4 28.
c3 Be7 29. Re1 Rc7 30. Re3 Kf8 31. Nc6 1-0

[Event "Superettan(Stockholms SS-Schack 08)"]
[Site "?"]
[Date "2009.03.15"]
[Round "9"]
[White "Henriksson, Johan"]
[Black "Renman, Nils-Gustaf"]
[Result "1/2-1/2"]
[WhiteElo "2322"]
[BlackElo "2431"]
[PlyCount "48"]

1. d4 e6 2. g3 f5 3. Bg2 Nf6 4. Nf3 d5 5. O-O Bd6 6. c4 c6 7. Nc3 O-O 8. Bf4
Bxf4 9. gxf4 Nbd7 10. Ne5 Qe7 11. e3 Ne4 12. Kh1 Nxe5 13. fxe5 Bd7 14. Nxe4
fxe4 15. c5 Be8 16. f4 exf3 17. Rxf3 Bg6 18. Qe2 Rxf3 19. Qxf3 Rf8 20. Qg3 Rf5
21. Rf1 Qf7 22. Kg1 Rxf1+ 23. Bxf1 Qf5 24. Qh3 Qf7 1/2-1/2

[Event "Superettan(Stockholms SS-Schack 08)"]
[Site "?"]
[Date "2009.03.15"]
[Round "9"]
[White "Schutz, Ingemar"]
[Black "Evertsson, Lennart"]
[Result "0-1"]
[WhiteElo "2218"]
[BlackElo "2228"]
[PlyCount "76"]

1. e4 e6 2. d4 d5 3. Nc3 Nf6 4. Bg5 Be7 5. e5 Nfd7 6. h4 a6 7. Qh5 Kf8 8. Bxe7+
Qxe7 9. f4 c5 10. Nf3 Nc6 11. O-O-O b5 12. dxc5 Bb7 13. Bd3 Kg8 14. Rhe1 Nxc5
15. f5 b4 16. Ne2 a5 17. Nf4 a4 18. Qg4 b3 19. Nh5 g6 20. Nf6+ Kf8 21. a3 bxc2
22. Bxc2 Qc7 23. Qf4 Kg7 24. fxg6 hxg6 25. h5 Rac8 26. Kb1 Ne7 27. Nd4 Nb3 28.
Bxb3 axb3 29. hxg6 Nxg6 30. Qg5 Qb6 31. Nd7 Qd8 32. Nf6 Ba6 33. Nxb3 Bb5 34.
Nd4 Ba4 35. Rc1 Qb6 36. Rxc8 Rxc8 37. Qd2 Rc4 38. Rh1 Kf8 0-1

[Event "Superettan(Stockholms SS-Schack 08)"]
[Site "?"]
[Date "2009.03.15"]
[Round "9"]
[White "Ottenklev, Niclas"]
[Black "Carlsten, Peter"]
[Result "1/2-1/2"]
[WhiteElo "2176"]
[BlackElo "2096"]
[PlyCount "98"]

1. e4 c5 2. Nf3 g6 3. g3 Bg7 4. Bg2 Nc6 5. O-O d6 6. c3 e5 7. Na3 Nge7 8. Nc2
Qb6 9. Rb1 Be6 10. b3 O-O 11. Bb2 Bg4 12. Ne3 Bxf3 13. Bxf3 f5 14. exf5 gxf5
15. d3 Rad8 16. Nd5 Nxd5 17. Bxd5+ Kh8 18. Bxc6 bxc6 19. c4 f4 20. f3 Bh6 21.
g4 Bg5 22. Qe2 Qc7 23. Bc3 Rb8 24. Qe4 Qd7 25. Kg2 Bf6 26. Qe2 h5 27. gxh5 Rg8+
28. Kh1 Qh3 29. Rg1 Qxh5 30. Rxg8+ Rxg8 31. Rg1 Qf5 32. Rxg8+ Kxg8 33. Qe4 Qxe4
34. dxe4 Kf7 35. Kg2 Kg6 36. Kh3 Kh5 37. Ba5 Be7 38. Bc7 Kg5 39. Bb8 a6 40. Bc7
Kh5 41. a3 Kg5 42. Ba5 Kh5 43. Bc3 Bd8 44. b4 Bb6 45. Kg2 Kg5 46. Be1 Kh5 47.
Kh3 cxb4 48. Bxb4 Bc5 49. Bxc5 dxc5 1/2-1/2

[Event "Superettan(Stockholms SS-Schack 08)"]
[Site "?"]
[Date "2009.03.15"]
[Round "9"]
[White "Braathen, Tom"]
[Black "Arvidsson, Tomas"]
[Result "1/2-1/2"]
[WhiteElo "2111"]
[BlackElo "2122"]
[PlyCount "58"]

1. e4 c5 2. Nf3 Nc6 3. d4 cxd4 4. Nxd4 Nf6 5. Nc3 e5 6. Ndb5 d6 7. Bg5 a6 8.
Na3 b5 9. Nd5 Be7 10. Bxf6 Bxf6 11. c3 O-O 12. Nc2 Bg5 13. Be2 g6 14. a4 bxa4
15. Rxa4 a5 16. Nce3 Rb8 17. b3 Kh8 18. Rc4 Bd7 19. h4 Bxh4 20. Bg4 f5 21. exf5
gxf5 22. Bxf5 Bxf2+ 23. Kxf2 Bxf5 24. Kg1 Qe8 25. Nxf5 Rxf5 26. Rh6 Qf8 27. Ne3
Qxh6 28. Nxf5 Qe6 29. Rxc6 Qxf5 1/2-1/2

[Event "Superettan(Stockholms SS-Schack 08)"]
[Site "?"]
[Date "2009.03.15"]
[Round "9"]
[White "Eriksson, Matts"]
[Black "Lindblom, Peter"]
[Result "0-1"]
[WhiteElo "2039"]
[BlackElo "2062"]
[PlyCount "122"]

1. d4 Nf6 2. Nf3 g6 3. c4 Bg7 4. Nc3 d5 5. Qb3 c6 6. g3 O-O 7. Bg2 e6 8. O-O
Nbd7 9. Bf4 Re8 10. Rad1 Qb6 11. c5 Qxb3 12. axb3 Ne4 13. Ne5 Nexc5 14. b4 Nxe5
15. bxc5 Nd7 16. e4 b6 17. exd5 exd5 18. Nxd5 cxd5 19. Bxd5 Ba6 20. Bxa8 Bxf1
21. Kxf1 Rxa8 22. c6 Bf8 23. Bc7 Nf6 24. d5 Ne8 25. d6 Bxd6 26. Bxd6 Rd8 27. c7
Nxc7 28. Ke2 Ne6 29. Be5 Rxd1 30. Kxd1 Kf8 31. b4 b5 32. Kd2 Ke7 33. Kd3 f6 34.
Bc3 f5 35. Be5 Kd7 36. Bb8 a6 37. Ba7 Kc6 38. Bb8 Kd5 39. Ba7 Nd8 40. Be3 Nc6
41. Kc3 Ke4 42. h3 h5 43. h4 Ne7 44. Bc5 Nd5+ 45. Kd2 f4 46. Ke2 fxg3 47. fxg3
Nc7 48. Bd6 Ne6 49. Be7 Nd4+ 50. Kf2 Nc6 51. Bc5 a5 52. bxa5 Nxa5 53. Ke2 Nc4
54. Bb4 Ne3 55. Bc3 Nd5 56. Bg7 b4 57. Kd2 Kf3 58. Be5 Ne3 59. Kd3 Nf5 60. Kc4
Nxg3 61. Kd5 Kg4 0-1

[Event "Superettan(Stockholms SS-Schack 08)"]
[Site "?"]
[Date "2009.03.15"]
[Round "9"]
[White "Sjodin, Bengt"]
[Black "Wiklund, Johan"]
[Result "0-1"]
[WhiteElo "1999"]
[BlackElo "1966"]
[PlyCount "130"]

1. d4 e6 2. Nf3 f5 3. d5 Be7 4. Nc3 Nf6 5. e3 O-O 6. Bc4 Bb4 7. dxe6 dxe6 8.
Bd2 Nc6 9. O-O Kh8 10. a3 Bd6 11. Nb5 Ne4 12. Nxd6 Qxd6 13. Be1 Rd8 14. Qxd6
Rxd6 15. b4 a6 16. a4 b6 17. Bd3 Nf6 18. Ng5 Kg8 19. Bc4 h6 20. Nf3 Kh7 21. Rb1
e5 22. b5 e4 23. Nd2 Ne5 24. Be2 axb5 25. axb5 Be6 26. h3 Ra2 27. Rc1 g5 28. f4
exf3 29. Nxf3 Nxf3+ 30. gxf3 Nd5 31. Bc4 Rb2 32. Bxd5 Rxd5 33. c4 Rc5 34. Bc3
Rb3 35. Bd4 Rxc4 36. Rxc4 Bxc4 37. Rc1 Rb4 38. Be5 Rxb5 39. Bxc7 Bd5 40. f4 g4
41. hxg4 fxg4 42. Be5 Rc5 43. Rd1 h5 44. Rd4 Bf3 45. Rd7+ Kg8 46. Rc7 Rd5 47.
Bd4 Rb5 48. Kf2 h4 49. Bf6 h3 50. Kg3 Rb1 51. Rc2 Rg1+ 52. Kh2 Rg2+ 53. Rxg2
Bxg2 54. Kg3 Kf7 55. Bc3 Ke6 56. Kh2 Kf5 57. Kg3 Ke4 58. Bd4 b5 59. Bc5 Bf3 60.
Kh2 Kd5 61. Bd4 Be4 62. Kg3 Kc4 63. Be5 b4 64. f5 Bxf5 65. e4 Bc8 0-1